Statistics for Biggest Country by Body of Water

Click here to take the quiz!

General Stats

  • This quiz has been taken 41,402 times
    (41,336 since last reset)
  • The average score is 15 of 20

Answer Stats

Body of WaterCountry% Correct
Gulf of MexicoUnited States
98%
Bay of BengalIndia
92%
Irish SeaUnited Kingdom
92%
Lake SuperiorCanada
90%
Mediterranean SeaAlgeria
89%
Baltic SeaRussia
89%
Caribbean SeaMexico
88%
Adriatic SeaItaly
86%
Yellow SeaChina
84%
Red SeaSaudi Arabia
83%
Aegean SeaTurkey
80%
Río de la PlataArgentina
75%
Coral SeaAustralia
70%
Lake VictoriaTanzania
69%
Bay of BiscayFrance
62%
Balearic SeaSpain
56%
Gulf of GuineaNigeria
52%
Gulf of AdenSomalia
47%
Solomon SeaPapua New Guinea
40%
Celebes SeaIndonesia
33%

Score Distribution

Percentile by Number Answered

Percent of People with Each Score

Your Score History

You have not taken this quiz since the last reset